Arte de hablar en prosa y verso (Registro nro. 303492)
[ vista simple ]
| 000 -ENCABEZADO | |
|---|---|
| Número de control [NR] | 01611nam a2200241 4500 |
| 005 - FECHA Y HORA DE LA ÚLTIMA TRANSACCIÓN | |
| control field | 20160524090410.0 |
| 008 - DE LONGITUD FIJA DE DATOS DE ELEMENTOS - INFORMACIÓN GENERAL | |
| Elementos de longitud fija [NR] | 160524s1883 ck |||fr|||| 001 0 spa d |
| 040 ## - FUENTE DE CATALOGACION [NR] | |
| Agencia de catalogación original [NR] | CO-BoUCM |
| Idioma de catalogación [NR] | spa |
| Quien Cataloga | Sandra Yazo |
| Quien Clasifica | Sandra Yazo |
| 041 0# - CODIGO DE IDIOMA [R] | |
| Código de idioma para texto/pista de sonido o título separado [R] | Español |
| 082 04 - NUMERO DE CLASIFICACION DECIMAL DEWEY [R] | |
| Número de la edición [NR] | 20 |
| Número de clasificación [R] | 808 |
| 092 ## - SIGNATURA TOPOGRAFICA LOCAL | |
| Número de clasificación local | E40N021 |
| 100 1# - ASIENTO PRINCIPAL--NOMBRE PERSONAL [NR] | |
| Nombre personal [NR] | Gómez Hermosilla, José |
| Fechas asociadas con el nombre [NR] | 1771-1837 |
| ID Autoridad | 77385 |
| 245 10 - MENCION DE TITULO [NR] | |
| Título [NR] | Arte de hablar en prosa y verso |
| Mención de responsabilidad, etc. [NR] | por José Gómez Hermosilla ; Obra compendiada por Henrique Alvarez |
| 260 ## - PUBLICACION, DISTRIBUCION, ETC. (PIE DE IMPRENTA) [R] | |
| Lugar de publicación, distribución, etc. [R] | Bogotá (Colombia) |
| Nombre del editor, distribuidor, etc. [R] | Imprenta de la Luz |
| Fecha de publicación, distribución, etc. [R] | 1883 |
| 300 ## - DESCRIPCION FISICA [R] | |
| Extensión [R] | xii, 254 páginas |
| Dimensiones [R] | 17 x 12 cm |
| 500 ## - NOTA GENERAL [R] | |
| Nota general [NR] | Detalles físicos: Encuadernación rígida en cartón forrado en papel. Lomo en cuero con nervaduras sobre costuras y adornos en dorado. Tapa delantera con una abertura. Guardas, la delantera con un sello seco. Texto impreso en una sola tinta, desprendida. Texto impreso en una sola columna, algunas notas al pie de página. Varias hojas sueltas, rotas. Papel manchado |
| 505 2# - NOTA DE CONTENIDO CON FORMATO PREESTABLECIDO [R] | |
| Nota de contenido con formato preestablecido [NR] | Prólogo ; Introducción ; División de la obra en su plan general ; Pensamientos ; Verdad ; Claridad ; Novedad ; Naturalidad ; Solidez ; Conveniencia del tono de la obra ; Varias formas propias del que raciocina o discurre ; Antítesis ; Concesión ; Epifonema ; Ampliación ; Gradación o clímax ; Paradoja ; Símil o comparación ; Sentencia ; Prolepsis ; Revocación ; Transición ; Corrección ; Diferencias entre el lenguaje de la prosa y el del verso |
| 506 ## - NOTA DE RESTRICCIONES DE ACCESO [R] | |
| Condiciones de acceso [NR] | Consulta en sala |
| 650 #7 - ASIENTO SECUNDARIO DE MATERIA - TERMINO TEMATICO [R] | |
| 9 (RLIN) | 54546 |
| Término temático o nombre geográfico como elemento de entrada [NR] | Oratoria |
| Subdivisión general [R] | Teoría y técnica |
| 650 #7 - ASIENTO SECUNDARIO DE MATERIA - TERMINO TEMATICO [R] | |
| 9 (RLIN) | 8060 |
| Término temático o nombre geográfico como elemento de entrada [NR] | Retórica |
| 690 ## - ASUNTO AGREGADO LOCAL DE ENTRADA - TÉRMINO TEMÁTICO (OCLC, RLIN) | |
| Acceso temático local | Literatura |
| 9 (RLIN) | 18599 |
| 942 ## - ELEMENTOS DE ENTRADA AGREGADOS (KOHA) | |
| Sistema de clasificación | LOCAL |
| Tipo de ítem principal el descrito en 300a | Libro |
| Edición | 1 |
| Clasificación | E40N021 |
| Suprimido | Perdido | Sistema de clasificación | Dañado | No prestable | Tipo de ítem específico | Ubicación habitual | Ubicación actual | Localización | Fecha de creación | Forma de adquisición | Costo | Total préstamos | Signatura topográfica | Código de barras | Última vez visto | Ejemplar | Price effective from | Tipo de ítem |
|---|---|---|---|---|---|---|---|---|---|---|---|---|---|---|---|---|---|---|
| LOCAL | Libro archivo | Archivo Histórico | Archivo Histórico | Archivo histórico | 24/05/2016 | Donación | 0.00 | E40N021 | L005672 | 24/05/2016 | Ej.1 | 24/05/2016 | Libro |